Kitāb al-Kanz al-madfūn wa-al-fulk al-mashḥūn /
Main Author:
Format: Book
Language: Arabic
Published:
Būlāq, Misr :
al-Maṭbaʻah al-Miṣrīyah,
1288 [1871].
Subjects:
Tags: Add Tag
Call Number: (RA)DS35.627 .S89 1871
| LEADER | 01290nam a2200265Ia 4500 | ||
|---|---|---|---|
| 003 | OSt | ||
| 005 | 20240424120609.0 | ||
| 008 | 130303s1871 ua 000 0 ara d | ||
| 952 | |0 0 |1 0 |2 lcc |4 0 |7 1 |9 65570 |a ARCE |b ARCE |d 2024-04-24 |l 0 |o (RA)DS35.627 .S89 1871 |p 1027704 |r 2024-04-24 00:00:00 |w 2024-04-24 |y BK | ||
| 999 | |c 27400 |d 27400 | ||
| 040 | |c ARCE Library | ||
| 043 | |a aw----- |a ff----- | ||
| 050 | 4 | |a (RA)DS35.627 .S89 1871 | |
| 100 | 0 | |6 880-01 |a Suyūṭī, |d 1445-1505, |e author | |
| 245 | 1 | 0 | |6 880-02 |a Kitāb al-Kanz al-madfūn wa-al-fulk al-mashḥūn / |c al-mansūb li-Jalāl al-Dīn al-Usyūṭī. |
| 246 | 3 | |a Kanz al-madfūn wa-al-fulk al-mashḥūn. | |
| 264 | 1 | |a Būlāq, Misr : |b al-Maṭbaʻah al-Miṣrīyah, |c 1288 [1871]. | |
| 300 | |a 260, 16 pages ; |c 28 cm. | ||
| 650 | 0 | |a Anecdotes |z Islamic Empire |v Early works to 1800. | |
| 650 | 0 | |a Arabic language |x Anecdotes |v Early works to 1800. | |
| 651 | 0 | |a Islamic Empire |x Miscellanea |v Early works to 1800. | |
| 880 | 0 | |6 100-01/(3/r |a سيوطي، |d 1445-1505. | |
| 880 | 1 | 0 | |6 245-02/(3/r |a كتاب الكنز المدفون و الفلك المشحون |c المنسوب لجلال الدين الأسيوطي |
| 901 | |a reviewed | ||
| 942 | |c BK |2 lcc | ||
